1313 1118 1872 1555 1925 1171 1788 1162 1784 1228 1283 1126 1522 1343 1186 1175 1240 1748 1046 1957 1478 1249 1999 1014 1346 1834 1062 1912 1648 1251 1220 1333 1720 1572 1383 1737 1657 1126 1397 1437 1384 1373 1231 1031 1540 1713 1710 1220 1126 1195 1322 1370 1917 1634 1637 1056 1341 1467 1715 1451 1782 1015 1209 1920 1029 1846 1047 1330 1712 1277 1034 1370 1765 1949 1336 1735 1563 1608 1987 1107 1644 1366 1169 1655 1661 1230 1267 1071 1438 1511 1418 1892 1997 1753 1027 1999 1814 1362 1061 BCNSPRNW ULIB Ver.6.0+V

เปลี่ยนเป็นภาษาไทย

Change to English
 แสดงรายละเอียดบรรณานุกรม
  กลับหน้าหลัก

Brief Record : Get Marc (ISO 2709) : E-mail record : QR code < ปิดหน้าต่าง
LEADER : 00000nam 2200000uu 4500
001    13399121040
003     ULIB
008    121031s2555||||th 000 0 tha d
099    วจ.BF637^bล218ป
100 0  ลักขณา ศิรถิรกุล, วาสนา อูปป้อ และจรูญลักษณ์ ป้องเจิรญ
245 00 ปัจจัยที่มีผลต่อคุณภาพชีวิตในการทำงานและความสุขในการทำงานของอาจารย์ วิทยาลัยพยาบาลสังกัดกระทรวงสาธารณสุนข/^cลักขณา ศิรถิรกุล, วาสนา อูปป้อ และจรูญลักษณ์ ป้องเจิรญ
260    สุพรรณบุรี:^bวิทยาลัยพยาบาลบรมราชชนนี สุพรรณบุรี,^c2555
300    118 แผ่น
650  0 คุณภาพชีวิต^xวิจัย
650  0 ความสุนขในการทำงาน^xวิจัย
700 0  วาสนา อูปป้อ
700 0  จรูญลักษณ์ ป้องเจิรญ
945    ^p0^l0^i032875
995    เกษร
999    ^aวิภา
รายการนี้ยังไม่มีแท็ก
คุณยังไม่ได้ล็อกอิน คุณสามารถมีกิจกรรมร่วมกับเว็บไซต์ได้ แต่ต้องล็อกอินก่อน ::
  ล็อกอิน

รายการสื่อสารสนเทศ

ลำดับที่ ประเภท เลขเรียก/บาร์โค้ด สถานที่ สถานะ
1. งานวิจัย
งานวิจัย
วจ.BF637 ล218ป  
  Barcode: 032875
ห้องสมุดวิทยาเขตสวรรค์ประชารักษ์
►วิจัย
ถูกยืม กำหนดส่งวันที่ 7 พฤษภาคม 2558
  จอง

BibComment


ยังไม่เคยถูกคอมเมนท์

คอมเมนท์ทรัพยากรรายการนี้
  คอมเมนท์: ปัจจัยที่มีผลต่อค..


 Copyright 2026. Bcnsprnw @Library